LEADER 00873cam2 22002531 450 001 SOBE00038477 005 20131213115245.0 100 $a20131213d1964 |||||ita|0103 ba 101 $aita 102 $aIT 200 1 $a<<4: L'>>etą moderna$fArmando Saitta 210 $a[Firenze]$cSansoni$d1964 215 $a257 p.$d22 cm 461 1$1001SOBE00038470$12001 $aStoria e tradizione : panorama critico di testimonianze / Armando Saitta$v4 700 1$aSaitta$b, Armando$3AF00008133$4070$050346 801 0$aIT$bUNISOB$c20131213$gRICA 850 $aUNISOB 852 $aUNISOB$jFondo|Cosenza$m161663 912 $aSOBE00038477 940 $aM 102 Monografia moderna SBN 941 $aM 957 $aFondo|Cosenza$b000843$i-4$gSI$d161663$hCosenza$rdono$tN$1menle$2UNISOB$3UNISOB$420131213115335.0$520131213115408.0$6menle 996 $aEtą moderna$9969141 997 $aUNISOB